O pássaro Bisnau que não é bom nem é mau (Registo nº 1098)

Detalhes MARC
000 -Etiqueta do registo
Cabeçalho 00812nam0a2200277 4500
005 - Identificador da versão
Campo de controlo 20240813121825.0
010 ## - Número internacional normalizado dos livros (ISBN)
Número (ISBN) 9789724735153
021 ## - Número do Depósito Legal
Código do país PT
Número 275 201/08
100 ## - Dados gerais de processamento
Dados gerais de processamento 20160226d2008 d y0pory5003 ba
102 ## - Pais de publicação ou produção
País de publicação Portugal
101 0# - Língua de publicação
Língua do texto, banda sonora, etc. Português
Língua do documento no original Português
215 ## - Descrição física 
Indicação específica da natureza do documento e extensão da espécie 32 p.
Outras indicações físicas il.
Dimensões cm
200 1# - Titulo e menção de responsabilidade
Título próprio O pássaro Bisnau que não é bom nem é mau
Primeira menção de responsabilidade Maria Alzira Cabral
Outras menções de responsabilidade il. Bela Silva
225 2# - Colecção 
Título próprio da colecção Júnior
Informação de outro título da colecção  Laranja
Indicação de volume 5
205 ## - Menção da edição
Menção da edição 1ª ed.
210 ## - Publicação, Distribuição, etc. 
Lugar da edição, distribuição, etc. Lisboa
Nome do editor, distribuidor, etc. Texto Editores
Data da publicação, distribuição, etc. 2008
333 ## - Nota relativa aos potenciais utilizadores
Texto da nota a partir dos 8 anos
606 ## - Nome comum usado como assunto
Número de registo de entrada de autoridade 0002010
Palavra de ordem Literatura portuguesa
Subdivisão de assunto Conto
Código do sistema CA
675 ## - Classificação Decimal Universal (CDU)
Notação 821.134.3-34
Edição 3ª ed.
Língua da edição por
701 #1 - Nome de autor-pessoa física (co-responsabilidade principal)
Palavra de ordem Silva
Outra parte do nome não tomada para palavra de ordem Bela
Código de função Ilustrador / Técnico de desenho computorizado
700 #1 - Nome de autor-pessoa física (responsabilidade principal)
Número de registo de entrada de autoridade 0002683
Palavra de ordem Cabral
Outra parte do nome não tomada para palavra de ordem Maria Alzira
966 ## - Identificação da Biblioteca
Sigla EB2,3ENM
942 ## - Elementos de entrada adicionados (Koha)
Tipo de item no Koha Livro
Exemplares
Situação do levantamento Origin of item (home branch) (coded) Biblioteca de empréstimo Código de barras Cota Circulation type (not for loan) Tipo de documento Nota do exemplar Damaged status
  Biblioteca Escolar Eng. Nuno Mergulhão Biblioteca Escolar Eng. Nuno Mergulhão BENM1986 82LP-34 CAB   Livro Sem mensagem